000 02468nam0a2200385 4500
001 RU\NLR\BIBL_A\022064953
005 20250130114156.0
010 _a978-5-7972-3156-1
_9500
021 _aRU
_bКН-П-23-062466
_9КН-П-23-6334
035 _a(NLR Aleph) 022064953
035 _a(RuMoRGB)012183088
090 _a12639970
_c12639970
100 _a20231102d2023 k y0rusy50 ca
101 0 _arus
102 _aRU
105 _aa|||z|||000zy
181 0 _ai
_baxxe
182 0 _an
200 1 _aТеория и практика экономических трансформаций
_eмонография
_f[Макаренко Елена Николаевна, д-р экон. наук, проф., Альбеков Адам Умарович, д-р экон. наук, проф., Вовченко Наталья Геннадьевна, д-р экон. наук, проф. и др.]
_gпод редакцией Е. Н. Макаренко [и др.]
_gМинистерство науки и высшего образования Российской Федерации, Ростовский государственный экономический университет (РИНХ), Банк "Центр-инвест"
203 _aТекст
_bвизуальный
_cнепосредственный
210 _aРостов-на-Дону
_cИздательско-полиграфический комплекс РГЭУ (РИНХ)
_d2023
215 _a211 с.
_cил., цв. ил., табл.
_d21
300 _aАвт. указаны на 3-й с.
320 _aБиблиогр. в конце разд. и вподстроч. примеч.
607 _aРоссийская Федерация
_xНародное хозяйство
_2nlr_sh1
_2nlr_sh2
_3RU\NLR\AUTH\661273591
686 1 _aУ03(2Р)74
701 1 _aМакаренко
_bЕ. Н.
_cд-р экон. наук
_f1967-
_gЕлена Николаевна
_3RU\NLR\AUTH\7755119
701 1 _aАльбеков
_bА. У.
_f1954-
_gАдам Умарович
701 1 _aВовченко
_bН. Г.
_gНаталья Геннадьевна
_3RU\NLR\AUTH\7792942
712 0 2 _aРостовский государственный экономический университет
_cРостов-на-Дону
_3RU\NLR\AUTH\8810031209
_4475
942 _cBOOK
980 _aNB